| 000 | 00767nam a2200265Ia 4500 | ||
|---|---|---|---|
| 001 | 2798 | ||
| 005 | 20240113233555.0 | ||
| 007 | ta | ||
| 008 | 050304s2002 a g b000 u eng u | ||
| 020 | _a81-8128-125-x | ||
| 040 | _aDept of Physics | ||
| 041 | _aeng | ||
| 082 |
_a530.13 _bHo 756 St |
||
| 100 | _aHonerkamp, Josef . | ||
| 245 | 0 |
_aStatistical Physics: An Advenced Approach with Application Web- enhanced with Problems and Solution. / _cJosef Honerkamp. _hTextual Documents |
|
| 250 | _aIst ed. / | ||
| 260 |
_aNew Delhi : _bSpringer , _c2002. |
||
| 300 |
_a515p. : _bill ; _c23 cm . |
||
| 653 | _aPhysics-Statistics | ||
| 653 | _aStatistical Physics | ||
| 653 | _aG-Statistics | ||
| 942 |
_2ddc _cBK |
||
| 999 |
_c2791 _d2791 |
||